Eastern Utah Libraries Catalog: Duchesne, Heber, Roosevelt, & Vernal

The secret history of Audrey James (Record no. 406683)

MARC details
000 -LEADER
fixed length control field 02982cam a2200541 i 4500
001 - CONTROL NUMBER
control field 1499962394
003 - CONTROL NUMBER IDENTIFIER
control field OCoLC
005 - DATE AND TIME OF LATEST TRANSACTION
control field 20250408183438.0
007 - PHYSICAL DESCRIPTION FIXED FIELD--GENERAL INFORMATION
fixed length control field tb
008 - FIXED-LENGTH DATA ELEMENTS--GENERAL INFORMATION
fixed length control field 250217t20252024meu d 000 f eng d
010 ## - LIBRARY OF CONGRESS CONTROL NUMBER
LC control number 2024949849
020 ## - INTERNATIONAL STANDARD BOOK NUMBER
International Standard Book Number 9798891644625
Qualifying information (large print)
-- (hardback : alk. paper)
035 ## - SYSTEM CONTROL NUMBER
System control number (OCoLC)1499962394
040 ## - CATALOGING SOURCE
Original cataloging agency CPLPT
Language of cataloging eng
Description conventions rda
Transcribing agency CPLPT
Modifying agency OCLCO
-- OCLCQ
-- MT9
-- OCLCO
-- OJ4
043 ## - GEOGRAPHIC AREA CODE
Geographic area code e-gx---
-- e-uk-st
050 #4 - LIBRARY OF CONGRESS CALL NUMBER
Classification number PR9199.4.M3548
Item number S43 2025d
082 04 - DEWEY DECIMAL CLASSIFICATION NUMBER
Classification number 813.6
Edition number 23/eng/2019
092 ## - LOCALLY ASSIGNED DEWEY CALL NUMBER (OCLC)
Classification number LP
100 1# - MAIN ENTRY--PERSONAL NAME
Personal name Marshall, Heather
Fuller form of name (Heather J.),
Relator term author.
9 (RLIN) 6463727
245 14 - TITLE STATEMENT
Title The secret history of Audrey James
Medium [text (large print)] :
Remainder of title a novel /
Statement of responsibility, etc Heather Marshall.
250 ## - EDITION STATEMENT
Edition statement Center Point Large Print edition.
264 #1 - Production, Publication, Distribution, Manufacture, and Copyright Notice.
Place of production, publication, distribution, manufacture Thorndike, Maine :
Name of producer, publisher, distributor, manufacturer Center Point Large Print,
Date of production, publication, distribution, manufacture, or copyr 2025.
264 #4 - Production, Publication, Distribution, Manufacture, and Copyright Notice.
Date of production, publication, distribution, manufacture, or copyr ©2024.
300 ## - PHYSICAL DESCRIPTION
Extent 607 pages (large print) ;
Dimensions 23 cm.
336 ## - Content Type
Content type term text
337 ## - Media type
Media type term unmediated
338 ## - Carrier type
Carrier type term volume
500 ## - GENERAL NOTE
General note Regular print version previously published by: Ballantine Books.
500 ## - GENERAL NOTE
General note Includes discussion questions and author's note with background information.
520 ## - SUMMARY, ETC.
Summary, etc "Northern England, 2010. After a tragic accident upends her life, Kate Mercer leaves London to work at an old guest house near the Scottish border, where she hopes to find a fresh start and heal from her loss. When she arrives, she begins to unravel the truth about her past, but discovers that the mysterious elderly proprietor is harboring secrets of her own. Berlin, 1938. Audrey James is weeks away from graduating from a prestigious music school in Berlin, where she's been living with her best friend, Ilse Kaplan. As war looms, Ilse's family disappears and high-ranking Nazi officers confiscate the house. In desperation, Audrey becomes their housekeeper while Ilse is forced into hiding in the attic. When a shocking turn of events embroils Audrey in the anti-Hitler movement, she must decide what matters most: protecting those she loves, or sacrificing everything for the greater good."--
610 20 - SUBJECT ADDED ENTRY--CORPORATE NAME
Corporate name or jurisdiction name as entry element Rote Kapelle (Resistance group)
Form subdivision Fiction.
9 (RLIN) 6397734
650 #0 - SUBJECT ADDED ENTRY--TOPICAL TERM
Topical term or geographic name as entry element Female friendship
Form subdivision Fiction.
9 (RLIN) 5674580
650 #0 - SUBJECT ADDED ENTRY--TOPICAL TERM
Topical term or geographic name as entry element Intergenerational relations
Form subdivision Fiction.
9 (RLIN) 5768473
650 #0 - SUBJECT ADDED ENTRY--TOPICAL TERM
Topical term or geographic name as entry element Anti-Nazi movement
Geographic subdivision Germany
Form subdivision Fiction.
9 (RLIN) 5759059
650 #0 - SUBJECT ADDED ENTRY--TOPICAL TERM
Topical term or geographic name as entry element World War, 1939-1945
Geographic subdivision Germany
-- Berlin
Form subdivision Fiction.
9 (RLIN) 6387924
650 #0 - SUBJECT ADDED ENTRY--TOPICAL TERM
Topical term or geographic name as entry element Betrayal
Form subdivision Fiction.
9 (RLIN) 5704992
650 #0 - SUBJECT ADDED ENTRY--TOPICAL TERM
Topical term or geographic name as entry element Jewish women
Form subdivision Fiction.
9 (RLIN) 5701892
650 #0 - SUBJECT ADDED ENTRY--TOPICAL TERM
Topical term or geographic name as entry element Large type books.
651 #0 - SUBJECT ADDED ENTRY--GEOGRAPHIC NAME
Geographic name Scotland
General subdivision History
Chronological subdivision 21st century
Form subdivision Fiction.
9 (RLIN) 6542680
651 #0 - SUBJECT ADDED ENTRY--GEOGRAPHIC NAME
Geographic name Berlin (Germany)
General subdivision History
Chronological subdivision 20th century
Form subdivision Fiction.
9 (RLIN) 6542681
655 #0 - INDEX TERM--GENRE/FORM
Genre/form data or focus term Historical fiction.
655 #7 - INDEX TERM--GENRE/FORM
Genre/form data or focus term large print books.
Source of term aat
9 (RLIN) 5777956
655 #7 - INDEX TERM--GENRE/FORM
Genre/form data or focus term Historical fiction.
Source of term lcgft.
655 #7 - INDEX TERM--GENRE/FORM
Genre/form data or focus term Large print books.
Source of term lcgft.
9 (RLIN) 5777956
655 #7 - INDEX TERM--GENRE/FORM
Genre/form data or focus term Livres en gros caractères.
Source of term rvmgf
9 (RLIN) 6482101
907 ## - LOCAL DATA ELEMENT G, LDG (RLIN)
a .b495569252
942 ## - ADDED ENTRY ELEMENTS (KOHA)
Source of classification or shelving scheme Dewey Decimal Classification
Koha item type BOOK
Holdings
Withdrawn status Lost status Source of classification or shelving scheme Damaged status Not for loan Collection code Home library Current library Shelving location Date acquired Source of acquisition Total Checkouts Full call number Barcode Date last seen Date checked out Cost, replacement price Price effective from Koha item type
    Dewey Decimal Classification     Large Print From State Library Wasatch County Library Wasatch County Library First Floor 10/06/2025 Utah State Library Division 1 LP 31479 34301002102715 01/06/2026 01/06/2026 20.00 10/06/2025 BOOK
This project was made possible through a grant from the Institute of Museum and Library Service administered by the Utah State Library Division.

Wasatch County Library

  • 465 East 1200 South, Heber City, Utah 84032
  • Phone 435-654-1511 | Fax 435-654-6456

Hours

  • Monday - Friday 9:30 AM - 8:00 PM
  • Saturday 9:30 AM - 1:30 PM
  • Closed Sundays and Holidays